000 01169nam a2200325 a 4500
001 12792
003 BD-JhCC
005 20230513092054.0
008 230513s1992 pk b 001 0 eng
010 _a 92931249
020 _a969462004X
020 _a9694620031 (pbk.) :
_cRs90.00
025 _aP-E-024031 12/11-78
035 _a(BD-JhCC)12792
040 _aDLC
_cDLC
_dBD-JhCC
050 0 0 _aBP134.P747
_bQ73 1992
082 0 0 _a297/.22
_220
_bQUR 1992
245 0 0 _aQurʼānic concepts of human psyche /
_ceditor, Zafar Afaq Ansari.
260 _aIslamabad :
_bInternational Institute of Islamic Thought ;
_aLahore :
_bInstitute of Islamic Culture,
_cc1992.
300 _a118 p. ;
_c22 cm.
490 1 _aIslamization of knowledge ;
_v11
504 _aIncludes bibliographical references and index.
630 0 0 _aQurʼan
_xPsychology.
650 0 _aIslam
_xPsychology.
700 1 _aAnsari, Zafar Afaq.
710 2 _aInternational Institute of Islamic Thought.
710 2 _aIdārah-yi S̲aqāfat-i Islāmiyah (Lahore, Pakistan)
942 _2ddc
_cBK
999 _c12792
_d12792